Preocupacion por el problema de Taiwan (Registro nro. 17611)

Detalles MARC
000 -CABECERA
campo de control de longitud fija 00448nab a2200181 a 4500
001 - NÚMERO DE CONTROL
campo de control 17611
003 - IDENTIFICADOR DEL NÚMERO DE CONTROL
campo de control 42873
005 - FECHA Y HORA DE LA ÚLTIMA TRANSACCIÓN
campo de control 20201118095636.0
008 - DATOS DE LONGITUD FIJA--INFORMACIÓN GENERAL
campo de control de longitud fija ||||||n9999 ||| || ||
245 #0 - MENCIÓN DE TÍTULO
Título Preocupacion por el problema de Taiwan
300 ## - DESCRIPCIÓN FÍSICA
Extensión pp. 8-9
562 ## - NOTA DE IDENTIFICACIÓN DE LA COPIA Y VERSIÓN
Número de copias 0
650 ## - PUNTO DE ACCESO ADICIONAL DE MATERIA--TÉRMINO DE MATERIA
Término de materia o nombre geográfico como elemento de entrada ACTIVIDAD POLITICA
650 ## - PUNTO DE ACCESO ADICIONAL DE MATERIA--TÉRMINO DE MATERIA
Término de materia o nombre geográfico como elemento de entrada INDEPENDENCIA POLITICA
650 ## - PUNTO DE ACCESO ADICIONAL DE MATERIA--TÉRMINO DE MATERIA
Término de materia o nombre geográfico como elemento de entrada PARTIDOS POLÍTICOS
773 ## - ENLACE AL DOCUMENTO FUENTE/ENTRADA DE REGISTRO ANFITRIÓN
Número bibliográfico anfitrión 17607
Encabezamiento principal Beijing Informa - No.29
942 ## - ELEMENTOS DE PUNTO DE ACCESO ADICIONAL (KOHA)
Tipo de ítem Koha Artículo de Revista

No hay ítems disponibles.